[Event "DEM U8 2023"]
[Site "Willingen GER"]
[Date "2023.06.01"]
[Round "4"]
[White "Liu, Jonas"]
[Black "Müller, Konstantin"]
[Result "0-1"]
[Termination "normal"]
[Board "1"]
[WhiteElo "1039"]
[BlackElo "1568"]
[PlyCount "59"]
[WhiteFideId "34660941"]
[BlackFideId "34661778"]
[EventCountry "GER"]
[EventRounds "7"]
[EventType "swiss"]
[EventDate "2023.05.30"]

1. e4 c5 2. Nf3 e6 3. Nc3 d5 4. exd5 exd5 5. d4 Nf6 6. Bf4 Nc6 7. Ne5 Nxd4 8.
Nf3 Nxf3+ 9. Qxf3 a6 10. Be2 Bg4 11. Qe3+ Be7 12. Bxg4 d4 13. Qg3 Nxg4 14.
O-O-O Nf6 15. Rhe1 Nh5 16. Qf3 Nxf4 17. Qxf4 O-O 18. Ne4 f5 19. Ng3 Bg5 20. Qd2
Bxd2+ 21. Rxd2 Qd5 22. f3 Qxa2 23. Rdd1 Qa1+ 24. Kd2 Qxb2 25. Rb1 Qc3+ 26. Kd1
Rfe8 27. Rf1 f4 28. Ne4 Rxe4 29. fxe4 d3 30. cxd3 0-1

[Event "DEM U8 2023"]
[Site "Willingen GER"]
[Date "2023.06.01"]
[Round "4"]
[White "Ranganathan, Aadith"]
[Black "Reese, Oscar"]
[Result "1-0"]
[Termination "normal"]
[Board "2"]
[WhiteElo "1002"]
[BlackElo "1132"]
[PlyCount "50"]
[WhiteFideId "34667121"]
[BlackFideId "34644474"]
[EventCountry "GER"]
[EventRounds "7"]
[EventType "swiss"]
[EventDate "2023.05.30"]

1. e4 e5 2. Nf3 Nf6 3. Nxe5 d6 4. Nf3 Nxe4 5. Bd3 Nf6 6. O-O Be7 7. Nc3 O-O 8.
Qe2 Bg4 9. Ne4 Nc6 10. Nxf6+ Bxf6 11. Qe4 g6 12. Qxg4 Re8 13. Bb5 Ne5 14. Nxe5
Rxe5 15. Qd7 Qf8 16. Bd3 Rc8 17. Rb1 Rg5 18. Be4 d5 19. Bf3 a6 20. d4 Rf5 21.
Bg4 Rxf2 22. Qxc8 Bd8 23. Rxf2 f5 24. Bxf5 gxf5 25. Rxf5 Qe7 1-0

[Event "DEM U8 2023"]
[Site "Willingen GER"]
[Date "2023.06.01"]
[Round "4"]
[White "Besou, Jad"]
[Black "Schmidt, Jan"]
[Result "1/2-1/2"]
[Termination "normal"]
[Board "3"]
[WhiteElo "1235"]
[BlackElo "1291"]
[PlyCount "120"]
[WhiteFideId "34631348"]
[BlackFideId "34625682"]
[EventCountry "GER"]
[EventRounds "7"]
[EventType "swiss"]
[EventDate "2023.05.30"]

1. e4 c6 2. d4 d5 3. exd5 cxd5 4. Nf3 Nc6 5. Bb5 Nf6 6. Bf4 e6 7. O-O Be7 8.
Nc3 O-O 9. a3 a6 10. Ba4 b5 11. Bb3 Na5 12. Ba2 Nc4 13. Bxc4 dxc4 14. Re1 Bb7
15. Ne5 Nd5 16. Nxd5 Qxd5 17. f3 Rad8 18. c3 Bd6 19. Bg3 Bb8 20. Re4 Ba8 21.
Rh4 f6 22. Ng4 Bxg3 23. hxg3 e5 24. Ne3 Qd6 25. Qc2 e4 26. f4 f5 27. Kf2 Qe6
28. Rah1 h6 29. Rh5 Rde8 30. a4 Bd5 31. R1h2 Qd7 32. a5 Be6 33. Qd1 Rd8 34. Qa1
Qb7 35. Qa3 Qc6 36. Qe7 Qd6 37. Qb7 Rb8 38. Qa7 Rf7 39. Qc5 Qxc5 40. dxc5 Rc8
41. g4 fxg4 42. g3 Rd7 43. Ke2 Rdc7 44. Re5 Kf7 45. f5 Bd7 46. Rxe4 Rxc5 47.
Nxg4 Bxf5 48. Rf2 Kg8 49. Ref4 Bxg4+ 50. Rxg4 Re8+ 51. Kd2 Rf8 52. Rxf8+ Kxf8
53. Rg6 Rg5 54. Rxa6 Rxg3 55. Rb6 Rg1 56. Kc2 Ra1 57. Rxb5 g5 58. b3 g4 59. b4
g3 60. Rb8+ Ke7 1/2-1/2

[Event "DEM U8 2023"]
[Site "Willingen GER"]
[Date "2023.06.01"]
[Round "4"]
[White "Sriram, Aumkar"]
[Black "Thirumal, Shravan"]
[Result "1-0"]
[Termination "normal"]
[Board "4"]
[WhiteElo "1126"]
[BlackElo "1118"]
[PlyCount "61"]
[WhiteFideId "33460477"]
[BlackFideId "34625356"]
[EventCountry "GER"]
[EventRounds "7"]
[EventType "swiss"]
[EventDate "2023.05.30"]

1. d4 Nf6 2. Nc3 d6 3. Bf4 g6 4. e4 Bg7 5. Qd2 h6 6. Bd3 a6 7. Nf3 b5 8. a3 Bb7
9. e5 dxe5 10. dxe5 Nd5 11. Nxd5 Bxd5 12. Qe2 O-O 13. c4 bxc4 14. Bxc4 Bxc4 15.
Qxc4 e6 16. Qe4 c6 17. O-O Qb6 18. Rab1 Nd7 19. Qe3 Qxe3 20. fxe3 g5 21. Bg3
Rfd8 22. h3 Nc5 23. Rbc1 Nd3 24. Rc2 Rab8 25. Rd1 Kf8 26. Rcd2 Rb3 27. Ne1 Rd5
28. Nxd3 a5 29. Nc5 Rxc5 30. Rd8+ Ke7 31. R1d7# 1-0

[Event "DEM U8 2023"]
[Site "Willingen GER"]
[Date "2023.06.01"]
[Round "4"]
[White "Schmidt, Alexander Nadvid"]
[Black "Alloussi, Arian"]
[Result "1-0"]
[Termination "normal"]
[Board "6"]
[WhiteElo "1256"]
[BlackElo "1174"]
[PlyCount "75"]
[WhiteFideId "34661360"]
[BlackFideId "34637788"]
[EventCountry "GER"]
[EventRounds "7"]
[EventType "swiss"]
[EventDate "2023.05.30"]

1. e4 e5 2. Nf3 Nc6 3. Bc4 Bc5 4. c3 Nf6 5. d4 exd4 6. e5 Ng4 7. cxd4 d5 8. Bb5
Bb6 9. h3 Nh6 10. Bxh6 gxh6 11. Qd2 Bf5 12. Qxh6 Bxb1 13. Rxb1 Ba5+ 14. b4 Bb6
15. Bxc6+ bxc6 16. Qxc6+ Kf8 17. Qh6+ Ke8 18. a4 a6 19. a5 Ba7 20. Qxa6 Kf8 21.
b5 Bb6 22. Qb7 Rxa5 23. O-O Rg8 24. Qc6 Rg6 25. Qc1 Qd7 26. Nh4 Rg7 27. Qh6
Bxd4 28. Qf6 Bb6 29. Nf5 Rg8 30. Qh6+ Ke8 31. Qxh7 Rf8 32. Ng7+ Kd8 33. Qh6 Rg8
34. Ra1 Ra7 35. Rxa7 Bxa7 36. Ra1 Qe7 37. Rxa7 Kd7 38. Qc6+ 1-0

[Event "DEM U8 2023"]
[Site "Willingen GER"]
[Date "2023.06.01"]
[Round "4"]
[White "Simon, Benjamin"]
[Black "Wolf, Adam"]
[Result "0-1"]
[Termination "normal"]
[Board "7"]
[WhiteElo "1105"]
[BlackElo "1256"]
[PlyCount "52"]
[WhiteFideId "34652329"]
[BlackFideId "34623426"]
[EventCountry "GER"]
[EventRounds "7"]
[EventType "swiss"]
[EventDate "2023.05.30"]

1. e4 e5 2. Nf3 Nc6 3. Bb5 Nf6 4. Nc3 Bb4 5. Bxc6 dxc6 6. d3 Qd6 7. Bd2 O-O 8.
O-O Bg4 9. h3 Bh5 10. Qe2 Rad8 11. a3 Bc5 12. Be3 Bd4 13. Nd1 c5 14. c3 Bxe3
15. fxe3 Bxf3 16. Rxf3 Qxd3 17. Qxd3 Rxd3 18. Nf2 Rd2 19. Rb1 Rfd8 20. Rf5 Re8
21. Kf1 Rd6 22. Ke2 g6 23. Rf3 Red8 24. Ke1 Kg7 25. Rd1 Rxd1+ 26. Ke2 R8d2# 0-1

[Event "DEM U8 2023"]
[Site "Willingen GER"]
[Date "2023.06.01"]
[Round "4"]
[White "Merle, Atreyu Lukas"]
[Black "Belov, Artemii"]
[Result "1-0"]
[Termination "normal"]
[Board "8"]
[WhiteElo "1081"]
[BlackElo "1229"]
[PlyCount "117"]
[WhiteFideId "34670033"]
[BlackFideId "34665234"]
[EventCountry "GER"]
[EventRounds "7"]
[EventType "swiss"]
[EventDate "2023.05.30"]

1. e4 e5 2. Nf3 Nc6 3. Bc4 Bc5 4. c3 Qe7 5. d4 Bb6 6. d5 Nb8 7. b3 d6 8. Ba3
Bg4 9. Nbd2 Nf6 10. Be2 Nbd7 11. Qc2 h6 12. h3 Bxf3 13. Bxf3 a6 14. c4 Ba7 15.
Be2 Bb6 16. f3 Nh7 17. Bd3 Qh4+ 18. Kd1 Qf2 19. g4 Be3 20. Rf1 Qg2 21. Re1 Bxd2
22. Qxd2 Qxf3+ 23. Kc2 Qxh3 24. Rh1 Qxg4 25. Rag1 Qf4 26. Qa5 b6 27. Qa4 Qf2+
28. Kc1 Qe3+ 29. Kc2 Ke7 30. Rxg7 Ng5 31. Qc6 Rac8 32. Qb7 Qf2+ 33. Kb1 Qf6 34.
Rh7 Rb8 35. Qxc7 Nxh7 36. Rf1 Qg6 37. Rf5 Rhf8 38. Rxe5+ Kf6 39. Qxd6+ Kg7 40.
Qxd7 Qg1+ 41. Kc2 Qh2+ 42. Kb1 Qxe5 43. Bb2 Rbe8 44. Qf5 f6 45. Bxe5 Rxe5 46.
Qg4+ Ng5 47. Qd7+ Rf7 48. Qc6 Nxe4 49. d6 Nc5 50. Bc2 Rb7 51. Qg2+ Rg5 52. Qc6
Re5 53. b4 Re1+ 54. Kb2 Na4+ 55. Bxa4 Rf7 56. d7 Re2+ 57. Kc1 Rf8 58. d8=R Rxd8
59. Qc7+ 1-0

[Event "DEM U8 2023"]
[Site "Willingen GER"]
[Date "2023.06.01"]
[Round "4"]
[White "Mudriievskyi, Jan"]
[Black "Stopp, Bruno"]
[Result "0-1"]
[Termination "normal"]
[Board "9"]
[WhiteElo "1062"]
[BlackElo "1170"]
[PlyCount "44"]
[WhiteFideId "34676473"]
[BlackFideId "34640347"]
[EventCountry "GER"]
[EventRounds "7"]
[EventType "swiss"]
[EventDate "2023.05.30"]

1. e4 e5 2. Nf3 Nc6 3. Bc4 Bc5 4. O-O Nf6 5. d4 exd4 6. e5 Ne4 7. Re1 f5 8.
exf6 d5 9. fxg7 Rg8 10. Rxe4+ dxe4 11. Bxg8 exf3 12. Bxh7 Be6 13. g8=Q+ Bxg8
14. Bxg8 Qe7 15. Bf4 O-O-O 16. Bb3 Re8 17. Nd2 fxg2 18. Kxg2 Qg7+ 19. Kh1 d3
20. cxd3 Bxf2 21. Qf3 Bb6 22. Rg1 Qxg1# 0-1

[Event "DEM U8 2023"]
[Site "Willingen GER"]
[Date "2023.06.01"]
[Round "4"]
[White "Pragatheswarakumar, Krish Keerthan"]
[Black "Chupikov, Mark"]
[Result "1-0"]
[Termination "normal"]
[Board "10"]
[WhiteElo "1152"]
[BlackElo "958"]
[PlyCount "99"]
[WhiteFideId "34679359"]
[BlackFideId "34680721"]
[EventCountry "GER"]
[EventRounds "7"]
[EventType "swiss"]
[EventDate "2023.05.30"]

1. d4 d5 2. c4 Nf6 3. cxd5 Nxd5 4. e4 Nb6 5. Nc3 e6 6. Nf3 Be7 7. Bf4 O-O 8.
Be2 Nc6 9. O-O a6 10. Qd2 Re8 11. Rfd1 Na7 12. Rac1 c5 13. d5 Bf6 14. e5 Be7
15. d6 Bf8 16. Ne4 g6 17. Nf6+ Kh8 18. Nxe8 Qxe8 19. Rxc5 Na4 20. Rcc1 Nb6 21.
Qd4 Nd7 22. Qe3 Qd8 23. Bh6 Qb6 24. Qxb6 Nxb6 25. Bxf8 Nc6 26. Be7 Bd7 27. Bf6+
Kg8 28. Nd4 Nxd4 29. Rxd4 Nd5 30. a4 b5 31. a5 h6 32. Rd2 Kh7 33. Rdc2 Nf4 34.
Bf1 Nd5 35. Be2 Nxf6 36. exf6 h5 37. Rc7 Rd8 38. Ra7 Bc8 39. Rxf7+ Kg8 40. Rg7+
Kf8 41. Rd1 Rd7 42. Rxd7 Bxd7 43. Rc1 Be8 44. Rc7 e5 45. d7 Bxd7 46. Rxd7 Kg8
47. Ra7 Kf8 48. Rxa6 b4 49. Bc4 e4 50. Ra8# 1-0

[Event "DEM U8 2023"]
[Site "Willingen GER"]
[Date "2023.06.01"]
[Round "4"]
[White "Grimm, Jakob"]
[Black "Saeidi, Fardin Jahan"]
[Result "1-0"]
[Termination "normal"]
[Board "11"]
[WhiteElo "1272"]
[BlackElo "1037"]
[PlyCount "57"]
[WhiteFideId "34635645"]
[BlackFideId "34658360"]
[EventCountry "GER"]
[EventRounds "7"]
[EventType "swiss"]
[EventDate "2023.05.30"]

1. e4 c5 2. Nf3 Nc6 3. d4 cxd4 4. Nxd4 Nf6 5. Nxc6 bxc6 6. e5 Qa5+ 7. Nc3 Qxe5+
8. Be2 e6 9. Be3 Bd6 10. Bd4 Qf4 11. g3 Qf5 12. Bxf6 Bxg3 13. hxg3 Qxf6 14. Qd3
Bb7 15. O-O-O d5 16. f4 c5 17. Qb5+ Kd8 18. Qxb7 Rc8 19. Ba6 Rc7 20. Qb8+ Kd7
21. Qxh8 h6 22. Qb8 d4 23. Nb5 Rc6 24. Nxa7 Rxa6 25. Qb7+ Kd8 26. Qxa6 Qf5 27.
Qc8+ Ke7 28. Nc6+ Kd6 29. Ne5 1-0

[Event "DEM U8 2023"]
[Site "Willingen GER"]
[Date "2023.06.01"]
[Round "4"]
[White "Mukazhanov, Arslan"]
[Black "Filis, Leon"]
[Result "1-0"]
[Termination "normal"]
[Board "13"]
[WhiteElo "779"]
[BlackElo "1046"]
[PlyCount "69"]
[WhiteFideId "34647686"]
[BlackFideId "34611436"]
[EventCountry "GER"]
[EventRounds "7"]
[EventType "swiss"]
[EventDate "2023.05.30"]

1. e4 d5 2. exd5 Nf6 3. c4 c6 4. dxc6 Nxc6 5. Nf3 e5 6. d3 Bf5 7. Be2 Qd7 8.
O-O O-O-O 9. Ne1 Nb4 10. Be3 Kb8 11. f4 e4 12. d4 Ng4 13. Bxg4 Bxg4 14. Qd2 g6
15. d5 Bg7 16. Nc3 Rc8 17. Bd4 Bxd4+ 18. Qxd4 Qc7 19. b3 f5 20. Nb5 Qc5 21.
Qxc5 Rxc5 22. h3 Bh5 23. a3 Na6 24. Rc1 e3 25. b4 Rcc8 26. Nd6 Rc7 27. Nb5 Rd7
28. Nd3 Be2 29. Ne5 Re7 30. Rfe1 Bh5 31. Rxe3 Rd8 32. Nc6+ Kc8 33. Nxe7+ Kd7
34. Nxa7 Re8 35. Rce1 1-0

[Event "DEM U8 2023"]
[Site "Willingen GER"]
[Date "2023.06.01"]
[Round "4"]
[White "Graf, Tom"]
[Black "Chaganti, Prahasith Reddy"]
[Result "1/2-1/2"]
[Termination "normal"]
[Board "14"]
[WhiteElo "1095"]
[BlackElo "836"]
[PlyCount "80"]
[WhiteFideId "34622420"]
[BlackFideId "34697586"]
[EventCountry "GER"]
[EventRounds "7"]
[EventType "swiss"]
[EventDate "2023.05.30"]

1. e4 e5 2. Nf3 Nc6 3. Bc4 g6 4. Nc3 Bg7 5. O-O Nf6 6. d3 d6 7. h3 O-O 8. Bg5
Be6 9. Nd5 a6 10. a3 b5 11. Ba2 Rc8 12. Qe2 Na7 13. Qe3 c5 14. b4 Re8 15. Rfe1
Bd7 16. Qc1 Nc6 17. Qb2 Be6 18. Rad1 h6 19. Nxf6+ Bxf6 20. Bxh6 g5 21. Bxe6
Rxe6 22. Qc1 cxb4 23. Nxg5 Bxg5 24. Bxg5 Qb6 25. Bh6 Kh7 26. Bd2 Rf6 27. Be3
Nd4 28. axb4 Qc6 29. Bxd4 exd4 30. Rd2 Qc3 31. Rde2 Qxb4 32. Qg5 Rg6 33. Qh5+
Kg7 34. f4 Rxc2 35. f5 Qxe1+ 36. Rxe1 Rgxg2+ 37. Kh1 Rh2+ 38. Kg1 Rcg2+ 39. Kf1
Rf2+ 40. Kg1 Rfg2+ 1/2-1/2

[Event "DEM U8 2023"]
[Site "Willingen GER"]
[Date "2023.06.01"]
[Round "4"]
[White "Hornych, Fridtjof"]
[Black "Öhrlein, Frederik"]
[Result "0-1"]
[Termination "normal"]
[Board "15"]
[WhiteElo "963"]
[BlackElo "1061"]
[PlyCount "66"]
[BlackFideId "34687556"]
[EventCountry "GER"]
[EventRounds "7"]
[EventType "swiss"]
[EventDate "2023.05.30"]

1. e4 c5 2. d4 cxd4 3. c3 dxc3 4. Nxc3 Nc6 5. Bc4 d6 6. Nf3 g6 7. O-O Bg7 8.
Bd2 Nf6 9. h3 O-O 10. Bf4 Bd7 11. e5 dxe5 12. Nxe5 Nxe5 13. Be2 Nc6 14. Nb5 Rc8
15. Qa4 a6 16. Nc3 Qa5 17. Qb3 Nd4 18. Qxb7 Nxe2+ 19. Nxe2 Qb5 20. Qxb5 axb5
21. h4 Rc2 22. Nd4 Rxb2 23. Rfc1 Ne4 24. Be3 Rb4 25. Nc2 Bxa1 26. Nxb4 Bg7 27.
f3 Nd6 28. Rc7 Rd8 29. Nd5 Bf6 30. Bg5 Bxg5 31. hxg5 Kf8 32. Nb6 Be6 33. Nd5
Bxd5 0-1

[Event "DEM U8 2023"]
[Site "Willingen GER"]
[Date "2023.06.01"]
[Round "4"]
[White "Golnik, Rasmus"]
[Black "Fendel, Arsenij"]
[Result "0-1"]
[Termination "normal"]
[Board "16"]
[WhiteElo "1052"]
[BlackElo "740"]
[PlyCount "68"]
[EventCountry "GER"]
[EventRounds "7"]
[EventType "swiss"]
[EventDate "2023.05.30"]

1. e4 e5 2. Nf3 Nc6 3. Nc3 Nf6 4. Bb5 a6 5. Bxc6 dxc6 6. Nxe5 Bc5 7. O-O Bb4 8.
Re1 Qe7 9. d4 c5 10. Nf3 Bxc3 11. bxc3 Nxe4 12. Qd3 Bf5 13. Bf4 c6 14. Nd2 cxd4
15. cxd4 O-O 16. Nxe4 Rfe8 17. f3 Rad8 18. Kf2 Qh4+ 19. Kg1 Qxf4 20. Rab1 b5
21. a4 c5 22. axb5 axb5 23. Rxb5 Rxd4 24. Nf6+ gxf6 25. Rxe8+ Kg7 26. Qe2 Qc1+
27. Qe1 Rd1 28. Kf1 Bd7 29. Re7 Bxb5+ 30. Kf2 Rxe1 31. Rxe1 Qd2+ 32. Kg3 Qxe1+
33. Kg4 Qe5 34. f4 Be2+ 0-1

[Event "DEM U8 2023"]
[Site "Willingen GER"]
[Date "2023.06.01"]
[Round "4"]
[White "Sander, Tino"]
[Black "Roscher, Simon"]
[Result "1-0"]
[Termination "normal"]
[Board "17"]
[WhiteElo "923"]
[BlackElo "1051"]
[PlyCount "65"]
[WhiteFideId "34636110"]
[BlackFideId "34673130"]
[EventCountry "GER"]
[EventRounds "7"]
[EventType "swiss"]
[EventDate "2023.05.30"]

1. e4 d5 2. exd5 Nf6 3. Nf3 Nxd5 4. Nc3 Nb6 5. d4 Nc6 6. Be3 e6 7. a3 Bd6 8.
Bb5 Bd7 9. Bd3 O-O 10. Qd2 a6 11. Bf4 Re8 12. Ne5 Qh4 13. Bg5 Qxd4 14. Nxc6
Bxc6 15. Bxh7+ Kxh7 16. Qxd4 Rad8 17. Qh4+ Kg8 18. Bxd8 Rxd8 19. Qxd8+ Kh7 20.
f3 a5 21. Ne4 Bxe4 22. fxe4 Bc5 23. Rf1 Na4 24. Rxf7 Kg6 25. Qd7 Nxb2 26. Rxg7+
Kf6 27. Ke2 Be7 28. Qxe7+ Ke5 29. Rg5+ Kf4 30. Rf1+ Kxe4 31. Qxe6+ Kd4 32. Rf4+
Kc3 33. Qb3# 1-0

[Event "DEM U8 2023"]
[Site "Willingen GER"]
[Date "2023.06.01"]
[Round "4"]
[White "Zentgraf, Raphael"]
[Black "Schimming, Wilhelm"]
[Result "0-1"]
[Termination "normal"]
[Board "19"]
[WhiteElo "783"]
[BlackElo "983"]
[PlyCount "52"]
[WhiteFideId "34684166"]
[BlackFideId "34662030"]
[EventCountry "GER"]
[EventRounds "7"]
[EventType "swiss"]
[EventDate "2023.05.30"]

1. d4 Nf6 2. Bf4 g6 3. Nf3 Bg7 4. e3 O-O 5. Be2 d6 6. h3 Nbd7 7. c3 Qe8 8. O-O
e5 9. dxe5 dxe5 10. Bh2 e4 11. Nfd2 c6 12. Bd6 Qd8 13. Bxf8 Qxf8 14. Qc2 Qe7
15. Bg4 Nxg4 16. hxg4 Nc5 17. b4 Nd3 18. f3 Nxb4 19. cxb4 Bxa1 20. Nc3 Bxc3 21.
Qxc3 exf3 22. Rxf3 Bxg4 23. Rf4 Be6 24. Re4 Qg5 25. a3 Bd5 26. Re5 Qxg2# 0-1

[Event "DEM U8 2023"]
[Site "Willingen GER"]
[Date "2023.06.01"]
[Round "4"]
[White "Schubert, Ben"]
[Black "Frerich, Theo"]
[Result "1/2-1/2"]
[Termination "normal"]
[Board "21"]
[WhiteElo "1049"]
[BlackElo "1073"]
[PlyCount "158"]
[WhiteFideId "34692266"]
[EventCountry "GER"]
[EventRounds "7"]
[EventType "swiss"]
[EventDate "2023.05.30"]

1. e4 e5 2. d3 Nc6 3. f4 d6 4. Nf3 Nf6 5. Be3 g6 6. Nc3 Bg7 7. g3 Bg4 8. Be2
Qd7 9. Qd2 O-O-O 10. Z0 Kb8 11. Z0 Rc8 12. O-O-O Rhe8 13. Rhf1 Bxf3 14. Bxf3
Nd4 15. Ne2 Nxf3 16. Rxf3 Qg4 17. Rdf1 Qe6 18. Qa5 a6 19. Qc3 Qxa2 20. b3 Qa3+
21. Kd2 d5 22. exd5 Nxd5 23. Qc4 Qa5+ 24. c3 Qa2+ 25. Ke1 Nxe3 26. Rxe3 Qb1+
27. Kf2 Qa2 28. Qxf7 Rg8 29. Qd5 exf4 30. gxf4 Bxc3 31. d4 Ba5 32. Kf3 Bd2 33.
Rd3 Ba5 34. Nc1 Qa3 35. Ne2 Bb6 36. Qc4 g5 37. Rfd1 g4+ 38. Kf2 h5 39. Qd5 h4
40. Qh5 g3+ 41. hxg3 hxg3+ 42. Nxg3 Qb2+ 43. Qe2 Qxe2+ 44. Kxe2 Rce8+ 45. Kf3
c6 46. Nh5 Rh8 47. Nf6 Rh3+ 48. Kg4 Rxd3 49. Rxd3 Rf8 50. Nd7+ Kc7 51. Nxf8 Kd6
52. Kf3 Ke7 53. Ng6+ Kf6 54. Nh4 Bc7 55. Ke4 Ke6 56. f5+ Kf6 57. Rg3 Bxg3 58.
Nf3 b5 59. Nd2 a5 60. Kf3 Bd6 61. Ne4+ Ke7 62. f6+ Kd7 63. f7 Ke7 64. f8=Q+
Kxf8 65. Nxd6 a4 66. bxa4 bxa4 67. Nc4 Ke7 68. Ke4 Ke6 69. Kd3 Kd5 70. Kc3 c5
71. Nb6+ Ke6 72. d5+ Ke5 73. Kc4 Kd6 74. Nxa4 Kd7 75. Kxc5 Kc8 76. Kc6 Kd8 77.
d6 Kc8 78. d7+ Kd8 79. Kc5 Kxd7 1/2-1/2

[Event "DEM U8 2023"]
[Site "Willingen GER"]
[Date "2023.06.01"]
[Round "4"]
[White "Guan, Guoyou"]
[Black "Estrin, Boris"]
[Result "0-1"]
[Termination "normal"]
[Board "22"]
[WhiteElo "883"]
[BlackElo "1205"]
[PlyCount "72"]
[WhiteFideId "34649492"]
[BlackFideId "34649859"]
[EventCountry "GER"]
[EventRounds "7"]
[EventType "swiss"]
[EventDate "2023.05.30"]

1. e4 c5 2. Nc3 Nc6 3. Bc4 Nf6 4. Nf3 e6 5. e5 Nd5 6. Nxd5 exd5 7. Bxd5 Be7 8.
d4 cxd4 9. Nxd4 Qa5+ 10. Bd2 Qxd5 11. Nf3 Nxe5 12. Nxe5 Qxe5+ 13. Be3 O-O 14.
O-O Bd6 15. g3 Qf6 16. Bd4 Be5 17. c3 d6 18. Re1 Bxd4 19. cxd4 Bd7 20. Rc1 Bc6
21. a3 h6 22. d5 Bd7 23. Rc7 Qd8 24. Rxb7 Qc8 25. Rb4 Rb8 26. Rxb8 Qxb8 27. Re7
Bf5 28. b4 Re8 29. Qe2 Rxe7 30. Qxe7 Bh3 31. Qh4 Qc8 32. f4 Qc1+ 33. Kf2 Qd2+
34. Kf3 Bg2+ 35. Kg4 Qe2+ 36. Kf5 Be4# 0-1

[Event "DEM U8 2023"]
[Site "Willingen GER"]
[Date "2023.06.01"]
[Round "4"]
[White "Dold, Emil"]
[Black "Wang, Kaichen"]
[Result "0-1"]
[Termination "normal"]
[Board "23"]
[WhiteElo "1113"]
[BlackElo "1101"]
[PlyCount "112"]
[BlackFideId "34626891"]
[EventCountry "GER"]
[EventRounds "7"]
[EventType "swiss"]
[EventDate "2023.05.30"]

1. e4 c6 2. Nc3 d5 3. d4 dxe4 4. Nxe4 Bf5 5. Nc3 Nf6 6. Nf3 Nbd7 7. Bf4 e6 8.
Bd3 Bxd3 9. Qxd3 h6 10. O-O Nb6 11. Ne5 Bd6 12. Rfe1 O-O 13. Rad1 Rc8 14. Ne4
Bxe5 15. Bxe5 Nxe4 16. Qxe4 Qg5 17. Bf4 Qf5 18. Qxf5 exf5 19. Bd6 Rfe8 20.
Rxe8+ Rxe8 21. Kf1 Nc4 22. b3 Nxd6 23. c4 a5 24. c5 Nb5 25. a4 Nc7 26. f3 Nd5
27. Kf2 Kf8 28. Re1 Rxe1 29. Kxe1 Ke7 30. Kd2 g5 31. Ke2 Kf6 32. Kf2 h5 33. g3
Kg6 34. h3 f4 35. gxf4 gxf4 36. h4 Kf6 37. Kg2 Ke6 38. Kh3 Nb4 39. Kg2 Nc2 40.
Kf2 Nxd4 41. Kg2 Nxb3 42. Kf2 Nxc5 43. Ke2 Nxa4 44. Kd3 b5 45. Kc2 c5 46. Kb3
c4+ 47. Kc2 b4 48. Kb1 b3 49. Ka1 Kd5 50. Kb1 Kd4 51. Kc1 Ke3 52. Kd1 Kxf3 53.
Kc1 Ke2 54. Kb1 f3 55. Kc1 f2 56. Kb1 f1=Q# 0-1